Suomen kunnat kartalla - 1798 - Statistics

Yleistilastot
  • Tätä visaa on pelattu 295 kertaa
    294 viimeisimmän päivityksen jälkeen
  • Keskiarvotulos 136 / 241
Vastaukset kartalla
Vastauksille on annettu kartalla punavihreä väri sen mukaan, kuinka moni on saanut sen oikein.
 
Vastaustilastot
Kunta % Oikein
Helsinki
93%
Turku
92%
Kemi
89%
Oulu
89%
Raahe-Salo
86%
Rovaniemi
86%
Viipuri
86%
Ii
85%
Vaasa
85%
Tampere
84%
Kuopio
83%
Espoo
82%
Mikkeli
81%
Pori
81%
Porvoo
81%
Rauma
81%
Kokkola
80%
Kuusamo
80%
Hailuoto
78%
Hämeenlinna
78%
Kajaani
76%
Maaria
76%
Lappee
75%
Savonlinna
75%
Lohja
74%
Lappi
73%
Pietarsaari
73%
Kalajoki
72%
Loviisa
72%
Raahe
72%
Sipoo
71%
Iisalmi
70%
Kemijärvi
70%
Kirkkonummi
70%
Lapua
70%
Mustasaari
70%
Pietarsaari
70%
Pudasjärvi
70%
Ulvila
70%
Hamina
69%
Ilomantsi
69%
Naantali
69%
Sortavala
69%
Sotkamo
69%
Tammisaari
69%
Loimaa
68%
Uusikaarlepyy
68%
Kemiö
67%
Eura
66%
Kaarina
66%
Parainen
66%
Pyhäjoki
66%
Uusikaupunki
66%
Liminka
65%
Närpiö
65%
Siikajoki
65%
Laitila
64%
Lieto
64%
Pyhtää
64%
Siuntio
64%
Vihti
64%
Vöyri
64%
Heinola
63%
Inkoo
63%
Kristiinankaupunki
63%
Nurmijärvi
63%
Kitee
62%
Kruununkylä
62%
Maalahti
62%
Masku
62%
Orivesi
62%
Hollola
61%
Jämsä
61%
Muhos
61%
Paltamo
61%
Raisio
61%
Somero
61%
Tuusula
61%
Eurajoki
60%
Orimattila
60%
Laihia
59%
Lappeenranta
59%
Viitasaari
59%
Hyrynsalmi
58%
Käkisalmi
58%
Kangasala
58%
Lemi
58%
Merikarvia
58%
Paimio
58%
Pirkkala
58%
Tammela
58%
Virolahti
58%
Hattula
57%
Juva
57%
Laukaa
57%
Mynämäki
57%
Ikaalinen
56%
Janakkala
56%
Mäntsälä
56%
Säkylä
56%
Savitaipale
56%
Vehmaa
56%
Hartola
55%
Isokyrö
55%
Karjaa
55%
Keuruu
55%
Lempäälä
55%
Liperi
55%
Luumäki
55%
Pyhäjärvi
55%
Ruotsinpyhtää
55%
Saarijärvi
55%
Huittinen
54%
Joroinen
54%
Kokemäki
54%
Nousiainen
54%
Padasjoki
54%
Puumala
54%
Sysmä
54%
Taipalsaari
54%
Akaa
53%
Hammarland
53%
Jomala
53%
Koivisto
53%
Lapinjärvi
53%
Loppi
53%
Pieksämä
53%
Ruovesi
53%
Saltvik
53%
Sund
53%
Taivassalo
53%
Teuva
53%
Urjala
53%
Uusikirkko
53%
Ilmajoki
52%
Kymi
52%
Lappajärvi
52%
Lemland
52%
Pälkäne
52%
Salmi
52%
Hämeenkyrö
51%
Iitti
51%
Mäntyharju
51%
Marttila
51%
Pielisjärvi
51%
Sauvo
51%
Sulkava
51%
Leppävirta
50%
Nauvo
50%
Tohmajärvi
50%
Pohja
49%
Vähäkyrö
49%
Köyliö
48%
Perniö
48%
Pöytyä
48%
Rautalampi
48%
Säkkijärvi
48%
Suojärvi
48%
Vesilahti
48%
Finström
47%
Halikko
47%
Hauho
47%
Korppoo
47%
Kuortane
47%
Kuusankoski
47%
Lammi
47%
Myrskylä
47%
Piikkiö
47%
Punkalaidun
47%
Rantasalmi
47%
Rymättylä
47%
Valkeala
47%
Föglö
46%
Kälviä
46%
Lohtaja
46%
Pernaja
46%
Uusikirkko
46%
Karjalohja
45%
Kaskinen
45%
Kumlinge
45%
Lapväärtti
45%
Sääminki
45%
Antrea
44%
Johannes
44%
Ristiina
44%
Elimäki
43%
Tenhola
43%
Kangasniemi
42%
Lemu
42%
Merimasku
42%
Tyrvää
42%
Uskela
42%
Vehkalahti
42%
Iniö
41%
Joutseno
41%
Vanaja
41%
Uukuniemi
40%
Jääski
39%
Kerimäki
39%
Jaakkima
38%
Kesälahti
38%
Kisko
38%
Messukylä
38%
Kalvola
37%
Kuolemajärvi
37%
Pyhämaa
37%
Kiikala
36%
Kivennapa
36%
Muolaa
36%
Suistamo
36%
Äyräpää
35%
Impilahti
35%
Längelmäki
35%
Palva/Velkua
35%
Sääksmäki
35%
Kurkijoki
34%
Ruskeala
34%
Artjärvi
33%
Karkku
33%
Sakkola
33%
Hiitola
31%
Hinnerjoki
31%
Pälkjärvi
31%
Sahalahti
31%
Soanlahti
30%
Räisälä
29%
Valkjärvi
29%
Suoniemi
28%
Kemin Lappi
17%
Joukio
6%
Ehtoja vastaavia visoja ei löytynyt
Tulosjakauma
Jokaisen tuloksen saaneiden osuus
Persentiili vastausten määrän mukaan
Tuloshistoriasi
Et ole pelannut tätä visaa sen viimeisimmän päivityksen jälkeen